| 000 | 00850nam a2200229 a 4500 | ||
|---|---|---|---|
| 005 | 20220628073936.0 | ||
| 008 | 120626s2008 ag r 000 0 spa d | ||
| 020 | _a9789876020824 | ||
| 035 | _aUPN01000185475 | ||
| 049 | _aCG | ||
| 050 | 4 |
_aPQ7889.2 S6.8 _bR8.7 |
|
| 100 | 1 |
_aSouza, Shirley _932399 |
|
| 245 | 1 | 0 |
_aRutina (nada normal) de una adolescente en crisis : _bnovela / _cShirley Souza ; il. Mónica Weiss ; tr. Marta Arróniz. |
| 260 |
_aCórdoba, Arg. : _bComunicarte, _c2008. |
||
| 300 | _a92 p. | ||
| 440 | 0 |
_aVeinte escalones ; _v9. _pA partir de 13 años |
|
| 534 |
_pTítulo original: _tRotina (nada normal) de una adolescente em crise |
||
| 586 | _aTercer Premio del Primer Concurso de Novela Los Jóvenes del Mercosur | ||
| 650 | 4 |
_aLITERATURA JUVENIL BRASILEÑA _914184 |
|
| 650 | 0 |
_aNovela brasileña _95077 |
|
| 905 | _aLibro | ||
| 999 |
_c157578 _d157578 |
||